About Animals / (Record no. 5040)
[ view plain ]
| 000 -LEADER | |
|---|---|
| fixed length control field | 00585nam a22002177a 4500 |
| 001 - CONTROL NUMBER | |
| control field | 5040 |
| 003 - CONTROL NUMBER IDENTIFIER | |
| control field | FISKH |
| 005 - DATE AND TIME OF LATEST TRANSACTION | |
| control field | 20241101124435.0 |
| 008 - FIXED-LENGTH DATA ELEMENTS--GENERAL INFORMATION | |
| fixed length control field | 241101b cb ||||| |||| 00| 0 eng d |
| 020 ## - INTERNATIONAL STANDARD BOOK NUMBER | |
| International Standard Book Number | 071660180X |
| 040 ## - CATALOGING SOURCE | |
| Original cataloging agency | FISKH |
| Language of cataloging | eng |
| Transcribing agency | FISKH |
| Modifying agency | FISKH |
| 050 ## - LIBRARY OF CONGRESS CALL NUMBER | |
| Classification number | AG5.C515 |
| 082 ## - DEWEY DECIMAL CLASSIFICATION NUMBER | |
| Classification number | 031 |
| 100 ## - MAIN ENTRY--PERSONAL NAME | |
| Personal name | Childcraft |
| 245 ## - TITLE STATEMENT | |
| Title | About Animals / |
| Statement of responsibility, etc. | by Childcraft |
| 260 ## - PUBLICATION, DISTRIBUTION, ETC. | |
| Place of publication, distribution, etc. | Chicage : |
| Name of publisher, distributor, etc. | World Book-Childcraft International, Inc ; |
| Date of publication, distribution, etc. | 1980 . |
| 300 ## - PHYSICAL DESCRIPTION | |
| Extent | 336 pages : |
| Other physical details | color illustrations ; |
| Dimensions | 26 cm . |
| 490 ## - SERIES STATEMENT | |
| Series statement | Childcraft |
| Volume/sequential designation | Volume 5 |
| 942 ## - ADDED ENTRY ELEMENTS (KOHA) | |
| Source of classification or shelving scheme | Dewey Decimal Classification |
| Koha item type | Books |
| Suppress in OPAC | No |
| Withdrawn status | Lost status | Source of classification or shelving scheme | Damaged status | Not for loan | Collection | Home library | Current library | Shelving location | Date acquired | Total Checkouts | Full call number | Barcode | Date last seen | Date last checked out | Price effective from | Koha item type |
|---|---|---|---|---|---|---|---|---|---|---|---|---|---|---|---|---|
| Dewey Decimal Classification | Non-Fiction | Footprints International School Library Network Toul Tom Poung Campus | Footprints International School Library Network Toul Kork Campus | TTP Secondary Non-Fiction Bookshelves | 11/01/2024 | 1 | CHI 031 AG5.C515 | FISSE00473 | 12/16/2025 | 10/31/2025 | 11/01/2024 | Books |
